Colón y el judío errante (Record no. 164562)

MARC details
000 -LEADER
campo de control de longitud fija 00617nam a2200145 i 4500
001 - NÚMERO DE CONTROL
campo de control 164562
003 - IDENTIFICADOR DE NÚMERO DE CONTROL
campo de control ES-MaACL
005 - FECHA Y HORA DE LA ÚLTIMA TRANSACCIÓN
campo de control 20230906212948.0
008 - DATOS DE LONGITUD FIJA--INFORMACIÓN GENERAL
campo de control de longitud fija 050801s1877 cu |||| | spa d
100 1# - ENTRADA PRINCIPAL--NOMBRE DE PERSONA
Nombre de persona Sánchez de Fuentes, Eugenio.
9 (RLIN) 133022
245 10 - MENCIÓN DEL TÍTULO
Título Colón y el judío errante
Resto del título : fantasía dramática en dos actos y en verso /
Mención de responsabilidad, etc. original de Eugenio Sánchez de Fuentes.
260 ## - PUBLICACIÓN, DISTRIBUCIÓN, ETC.
Lugar de publicación, distribución, etc. Habana :
Nombre del editor, distribuidor, etc. La Propaganda Literaria,
Fecha de publicación, distribución, etc. 1877.
300 ## - DESCRIPCIÓN FÍSICA
Extensión 39 p. ;
Dimensiones 21 cm.
852 ## - LOCALIZACIÓN
Ubicación ES-MaACL
Número de control de estantería T-1293-F-2
Nota libre - Enc. hol. conservando cub. original
-- . - Dedic. ms. del autor a Laureano Figuerola
-- - Enc. en un vol. facticio
Holdings
Estatus retirado Estado de pérdida Estado de daño No para préstamo Colección Biblioteca de origen Biblioteca actual Ubicación en estantería Fecha de adquisición Total de préstamos Signatura topográfica completa Código de barras Visto por última vez Precio de reemplazo Tipo de ítem Koha
        Colección de folletos Biblioteca del Ateneo de Madrid Biblioteca del Ateneo de Madrid Depósito folletos 17/01/2008   T-1293-F-2 1172500 23/02/2023 23/02/2023 Folleto